| 000 -ლიდერი |
| ფიქსირებული სიგრძის საკონტროლო ველი |
01185nam a22002417a 4500 |
| 003 - საკონტროლო ნომრის იდენტიფიკატორი |
| საკონტროლო ველი |
Ge_BSU |
| 005 - ბოლო ოპერაციის თარიღი და დრო |
| საკონტროლო ველი |
20230605171428.0 |
| 008 - ფიქსირებული სიგრძის მონაცემთა ელემენტები - ზოგადი ინფორმაცია |
| ფიქსირებული სიგრძის საკონტროლო ველი |
230602s2018ge xxu||||| |||| 00| 0 geo d |
| 020 ## - წიგნის საერთაშორისო სტანდარტული ნომერი |
| International Standard Book Number |
9788378932130 |
| 041 ## - ენის კოდი |
| Language code of text/sound track or separate title |
geo |
| 080 ## - უნივერსალური ათობითი კლასიფიკაციის ინდექსი |
| Universal Decimal Classification number |
791.43(479.22) ხ. 93 |
| 100 ## - მთავარი ჩანაწერი - პიროვნების სახელი |
| Personal name |
ხუნდაძე,ხათუნა |
| 9 (RLIN) |
18438 |
| 245 ## - ცნობა სათაურის შესახებ |
| Title |
ნატვრის ხე |
| Remainder of title |
ქართული მხატვრული ფილმი / |
| Statement of responsibility, etc |
ხათუნა ხუნდაძე, რედ. მზია ქურცაძე, სცენარი რევაზ ინანიშვილი, რეჟ.თენგიზ აბულაძე, |
| 264 ## - წარმოების, გამოცემის, დისტრიბუციის და სხვა ცნობები |
| გამოცემის, წარმოების, დისტრიბუციის... სახელწოდება |
Wojowice, |
| გამოცემის, წარმოების, დისტრიბუციის... თარიღი |
2018. |
| 300 ## - ფიზიკური აღწერა |
| Extent |
40 გვ:. |
| Other physical details |
ილ; |
| Dimensions |
22 სმ. |
| 653 ## - INDEX TERM--UNCONTROLLED |
| Uncontrolled term |
კინოხელოვნება |
| 653 ## - INDEX TERM--UNCONTROLLED |
| Uncontrolled term |
კინოფილმები |
| 700 ## - ADDED ENTRY--PERSONAL NAME |
| Personal name |
ქურცაძე, მზია |
| Relator term |
რედაქტორი |
| 9 (RLIN) |
18440 |
| 700 ## - ADDED ENTRY--PERSONAL NAME |
| Personal name |
ინანიშვილი, რევაზ |
| Relator term |
სცენარი |
| 9 (RLIN) |
18450 |
| 700 ## - ADDED ENTRY--PERSONAL NAME |
| Personal name |
აბულაძე, თენგიზ |
| Relator term |
რეჟისორი |
| 9 (RLIN) |
18451 |
| 710 ## - ADDED ENTRY--CORPORATE NAME |
| Corporate name or jurisdiction name as entry element |
ქართული ფილმი |
| 9 (RLIN) |
18452 |
| 942 ## - ADDED ENTRY ELEMENTS (KOHA) |
| Source of classification or shelving scheme |
|
| Koha item type |
წიგნი |